HISTORIA PLERARVNQVE PARTIVM HVMANI CORPORIS, MEMBRATIM SCRIPTA, ET in vsum tyronum retractatius edita /

Hlavní autor: Alberti, Salomon, 1540-1600
Jazyk: Řečtina, starověká (do 1453)
Latina
Vydáno: [Vitaebergae : excudebant Haeredes Iohannis Cratonis, 1585]
Témata:
Fyzický popis: [16], 121 s. ; 8°
Language note: V latinském textu řecké části
Knihy
Uloženo v:
LEADER 01842nam a2200421 a 4500
001 mzk03001192043
003 CZ BrMZK
005 20130820073018.0
007 ta
008 130815s1585 gw f |||| 0 lat d
040 |a BOA001  |b cze 
041 0 |a lat  |a grc 
072 7 |a 611  |x Anatomie člověka a srovnávací anatomie  |2 Konspekt  |9 14 
072 7 |a 094  |x Staré tisky  |2 Konspekt  |9 12 
080 |a 611  |2 MRF 
080 |a 025.171  |2 MRF 
080 |a (0.068)094  |2 MRF 
100 1 |a Alberti, Salomon,  |d 1540-1600  |7 mzk2005290146  |4 aut 
245 1 0 |a HISTORIA PLERARVNQVE PARTIVM HVMANI CORPORIS, MEMBRATIM SCRIPTA, ET in vsum tyronum retractatius edita /  |c A SALOMONE ALBERTO, MEDICInae Doctore & Professore eius publico 
246 3 3 |a HISTORIA PLERARUNQUE PARTIUM HUMANI CORPORIS, MEMBRATIM SCRIPTA, ET in usum tyronum retractatius edita 
260 |a [Vitaebergae :  |b excudebant Haeredes Iohannis Cratonis,  |c 1585] 
300 |a [16], 121 s. ;  |c 8° 
500 |a Výzdoba: Na titulním listu rytina (lebka s hadem a přesýpacími hodinami), linky z typografických ozdob, iniciály, ilustrace v textu (anatomické nákresy) 
501 |a Přívazek k: Ioannis Thomae Freigii Quaestiones, heōthinai kai deilinai / Johannes Thomas Freig 
546 |a V latinském textu řecké části 
650 7 |a anatomie člověka  |7 ph118421  |2 czenas 
650 7 |a historické knihovní fondy  |7 ph172933  |2 czenas 
655 7 |a staré tisky  |7 fd422076  |2 czenas 
903 |a RP 
910 |e BOE950  |c R - M. II. ddd. 21,přív. 
978 |b Crato, Johann - dědici  |a Wittenberg  |c 1585 
984 |a Wittenberg  |b Německo 
985 |a 1551-1600 
990 |a BK 
996 |e BOE950  |c R - M. II. ddd. 21,přív. 
980 |p N. 8503 
991 |k rajhrad 
994 |a UP  |l MZK03  |b 001192035  |m přívazek  |n záznam 1. díla (pro objednání pokračujte kliknutím)